Mínusz huszonöt fok - kánikulában

Elmentve itt :
Bibliográfiai részletek
Szerző: Méry Éva
Dokumentumtípus: Cikk
Megjelent: 1963-07-14
Sorozat:Délmagyarország 53 No. 163
Kulcsszavak:Jéggyártás Szeged riport 1963, élelmiszeripar
Online Access:http://dmarchiv.bibl.u-szeged.hu/65693
LEADER 00484nab a2200157 i 4500
001 delm65693
005 20180927151340.0
008 180927s1963 hu o 0|| hun d
040 |a SZTE Délmagyarország Archívum  |b hun 
041 |a hun 
100 1 |a Méry Éva 
245 1 0 |a Mínusz huszonöt fok - kánikulában  |h [elektronikus dokumentum] /  |c  Méry Éva 
260 |c 1963-07-14 
300 |a 5 
490 0 |a Délmagyarország  |v 53 No. 163 
695 |a Jéggyártás Szeged riport 1963, élelmiszeripar